| 000 | 00956nam a2200277Ia 4500 | ||
|---|---|---|---|
| 003 | GCL | ||
| 005 | 20240530102413.0 | ||
| 008 | 140319s9999 xx 000 0 ara d | ||
| 040 |
_aGCL / _cGCL |
||
| 082 | 0 | 4 |
_a387.10953 _bق/ص م |
| 100 | 1 | _aصفاء حافظ عبدالفتاح | |
| 245 | 1 | 0 |
_aالموانى والثغور الاسلامية من الفتح الاسلامى حتى نهاية العصر الفاطمى / _cصفاء حافظ عبدالفتاح |
| 260 |
_a[S.N] : _bدار الفكر العربى ، _c1986 |
||
| 300 | _a279 ص | ||
| 650 | 0 | 4 | _aمصر |
| 650 | 0 | 4 | _aالدولة الفاطمية |
| 650 | 0 | 4 | _aالتاريخ الحربى |
| 650 | 0 | 4 | _aالتاريخ الاسلامى |
| 650 | 0 | 4 | _aالاسطول |
| 650 | 0 | 4 | _aالموانئ |
| 650 | 0 | 4 | _aفتح مصر |
| 650 | 0 | 4 | _aالتجارة البحرية |
| 650 | 0 | 4 | _aالتاريخ البحرى |
| 650 | 0 | 4 | _aالمعارك البحرية |
| 942 |
_2ddc _cBK |
||
| 999 |
_c31997 _d31997 |
||